La victoria de Kákach. La historia de Kuányip : leyendas selknam /
Los bosques y las estepas de Tierra del Fuego fueron el hogar de los antiguos selknam, un pueblo de grandes creadores de relatos. Dos de sus narraciones tradicionales nos llegan en estas páginas: la historia del valiente Kákach, que se atrevió a enfrentar solo a la terrible giganta; y las aventuras...
Guardado en:
| Autor Principal: | |
|---|---|
| Otros Autores: | , |
| Formato: | Libro |
| Idioma: | Undetermined |
| Publicado: |
Buenos Aires :
Arte Gráfico,
2005.
|
| Edición: | 1a ed. |
| Series: | Cuentos y leyendas de mi país - Genios ;
5 |
| Materias: | |
| Etiquetas: |
Agregar Etiqueta
Sin Etiquetas, Sea el primero en etiquetar este registro!
|
| LEADER | 01291nam a22002655a 4500 | ||
|---|---|---|---|
| 001 | CEM.cems021310 | ||
| 008 | 240730s2005####ag############000#0#und#d | ||
| 005 | 20240730144905.0 | ||
| 245 | 1 | 0 | |a La victoria de Kákach. La historia de Kuányip : |b leyendas selknam / |c Selección y adaptación de Miguel Ángel Palermo ; ilustrado por Aldo Chiappe e Ignacio Noé. |
| 250 | |a 1a ed. | ||
| 260 | |a Buenos Aires : |b Arte Gráfico, |c 2005. | ||
| 300 | |a 50 p. | ||
| 490 | 1 | |a Cuentos y leyendas de mi país - Genios ; |v 5 | |
| 520 | |a Los bosques y las estepas de Tierra del Fuego fueron el hogar de los antiguos selknam, un pueblo de grandes creadores de relatos. Dos de sus narraciones tradicionales nos llegan en estas páginas: la historia del valiente Kákach, que se atrevió a enfrentar solo a la terrible giganta; y las aventuras del turbulento Kuányip, a quien los hombres tuvieron tanto para agradecer y también reprochar. | ||
| 020 | |a 9507825304 | ||
| 100 | 1 | |a Palermo, Miguel Ángel. | |
| 700 | 1 | |a Chiappe, Aldo; il. | |
| 700 | 1 | |a Noé, Ignacio; il. | |
| 653 | |a Mitos | ||
| 653 | |a Leyendas | ||
| 653 | |a Mitos argentinos | ||
| 653 | |a Leyendas argentinas | ||
| 653 | |a Pueblos originarios | ||
| 653 | |a Selknam | ||
| 859 | |a CEMS |b BIB. CEMS - Inicial y Primaria |h 398.2 |i P174-13 |k IP |p 6875 |t Ej.1 | ||
